00666nam a2200217Ia 4500003000400000005001700004008004100021020001800062040001800080041000800098082001900106100001800125245009300143250001200236260006900248300002800317650004000345650002100385650002000406650002200426OSt20251028103215.0210716s2019 xx 000 0 und d a9788126551040 cAIMIT LIBRARY aeng a005.758 bPETA aPetrov, Alex. aDatabase internals:bdeep dive into how distributed data systems work /cBy Alex Petrov. a1st ed. aMumbai :bShroff Publications and Distributers Pvt Ltd ,c2019. axix,349 p.;bPBc24 cm. aTransaction processing and recovery aB- tree variants aLeader election aFailure detection